Epistemología y sujetos : algunas contribuciones al debate /

Đã lưu trong:
Chi tiết về thư mục
Tác giả chính: Valencia García, Guadalupe (coord.)
Tác giả khác: Garza Toledo, Enrique de la (coordinación) (coordinación), Zemelman, Hugo (coordinación) (coordinación)
Định dạng: Sách
Ngôn ngữ:Tiếng Tây Ban Nha
Được phát hành: México : UNAM, Centro de Investigaciones Interdisciplinarias en Ciencias y Humanidades : Plaza y Valdés, 2002, c2002
Những chủ đề:
Các nhãn: Thêm thẻ
Không có thẻ, Là người đầu tiên thẻ bản ghi này!

MARC

LEADER 00000nam^a2200000^a^4500
001 000145961
005 20250521000000.0
009 20260310095853.947
020 |a 970-722-041-4 
037 |a Acervo ITESO - Biblioteca 
041 |a ESP 
082 |a 300. 1  |b VAL 
100 |a Valencia García, Guadalupe  |e (coord.) 
245 1 0 |a Epistemología y sujetos :  |b algunas contribuciones al debate /  |c Coord. de G. Valencia García, E. de la Garza Toledo, H. Zemelman. 
264 4 |a México :  |b UNAM, Centro de Investigaciones Interdisciplinarias en Ciencias y Humanidades :  |b Plaza y Valdés,  |c 2002, c2002 
300 |a 126 p. 
336 |a texto  |b txt  |2 rdacontenido 
337 |a sin mediación  |b n  |2 rdamedio 
338 |a volumen  |b nc  |2 rdasoporte 
649 |a XX 
650 |a Sociólogos 
650 |a Educación 
650 |a Literatura 
650 |a Epistemología 
650 |a Ciencias Sociales -  |x Metodología 
650 |a Ciencias Sociales -  |x Teoría 
650 |a Ciencias Sociales -  |x Filosofía 
650 |a Zemelman, Hugo 
700 |a Garza Toledo, Enrique de la  |e (coordinación) 
700 |a Zemelman, Hugo  |e (coordinación) 
910 |a Fondo General 
920 |a Impresos - Libros 
930 |a Colección General 
905 |a 101 
901 |a 0500075283  |b IT1  |c ACC  |u 20250521 
902 |a https://opac.biblio.iteso.mx/vufind/Record/000145961